00406nam a2200157Ia 4500003000400000005001700004008004100021020001800062041000800080082002200088100001700110245003600127260003700163300002000200500002800220OSt20260106120639.0251219s9999 xx 000 0 und d a9788172345662 aeng a158.1bMUR DB3242 aDr. Murphy J aPower Of Your Subconscious Mind bFingerprint Classics/Indiac2021 a256bPaper Back aPersonality Development